000 00213nam a22000857a 4500
008 160629b xxu||||| |||| 00| 0 eng d
100 _91376
_a Dalal, T
245 _aMexican Cooking
260 _aBombay
_bSanjay & Co
_c1998
999 _c1136
_d1136